000 00287nam a2200121Ia 4500
008 190216s9999||||xx |||||||||||||| ||und||
100 _aA.Assan Kutty
245 0 _aAuditing
250 _a1st Ed.
260 _bCalicut University Central Co-Operative
_c2000
300 _a516p
942 _cBK
999 _c5823
_d5823